| 000 | 00751nam a2200181 a 4500 | ||
|---|---|---|---|
| 001 | 000013660 | ||
| 005 | 20200929163313.0 | ||
| 008 | 091127s1997 dr 000 0 spa d | ||
| 020 | _a489548323 | ||
| 040 |
_aDO-SdBNP _bspa _cBNPHU |
||
| 082 |
_axxx _bD542o |
||
| 100 | 1 |
_aDíaz Santana, Miriam _99620 |
|
| 245 | 1 | 4 |
_aLas organizaciones no gubernamentales y su incidencia en las áreas : _bmenores en circunstacias difíciles generación de empleo y pobreza crítica / _cMirian Díaz Santana. |
| 260 |
_aSanto Domingo : _bPontificia Universidad Católica Madre Y Maestra (PUCNMM) _bCentro Universitario de Estudios Políticos y Sociales (CUEPS), _c1997. |
||
| 300 |
_a62 p. ; _c21 cm. |
||
| 500 | _aIncluye notas al pie de las páginas | ||
| 049 | _aBNPD | ||
| 999 |
_c13274 _d13274 |
||